|
|
|
|
| LEADER |
01257cam a2200313 7i4500 |
| 001 |
0000034078 |
| 005 |
20170307090000.0 |
| 007 |
##ta |
| 008 |
170307t20152015my eng |
| 022 |
0 |
# |
|a 19850379
|
| 040 |
# |
# |
|a MATR
|
| 090 |
0 |
0 |
|a M 641.3025
|b MAL
|
| 245 |
0 |
0 |
|a MALAYSIA Food Business Directory 2016/2017.
|
| 264 |
# |
4 |
|a ♭2016.
|
| 264 |
# |
1 |
|a Shah Alam:
|b Marshall Cavendish,
|c 2016.
|
| 300 |
# |
# |
|a 240 pages:
|b illustrations;
|c 30 cm.
|
| 336 |
# |
# |
|a text
|2 rdacontent
|
| 337 |
# |
# |
|a unmediated
|2 rdamedia
|
| 338 |
# |
# |
|a volume
|2 rdacarrier
|
| 650 |
# |
0 |
|a Food industry and trade --
|z Malaysia
|
| 650 |
# |
0 |
|a Food industry and trade --
|z Malaysia
|
| 999 |
|
|
|a JHR000444H
|b Directories
|c Malaysia
|e MATRADE Southern Regional Office
|
| 999 |
|
|
|a 0000038525
|b Directories
|c Malaysia
|e Business Information Centre
|
| 999 |
|
|
|a 0000038684
|b Directories
|c Malaysia
|e Business Information Centre
|
| 999 |
|
|
|a 0000038685
|b Directories
|c Malaysia
|e Business Information Centre
|
| 999 |
|
|
|a PNG001152H
|b Directories
|c Malaysia
|e MATRADE Northern Regional Office
|
| 999 |
|
|
|a SBH001121H
|b Directories
|c Malaysia
|e MATRADE Sabah
|
| 999 |
|
|
|a SRW000548H
|b Directories
|c Malaysia
|e MATRADE Sarawak
|
| 999 |
|
|
|a TRG000432H
|b Directories
|c Malaysia
|e MATRADE Eastern Regional Office
|